| 000 | 00940cab a2200301 4500 | ||
|---|---|---|---|
| 001 | ABS52326 | ||
| 008 | 090401t1995 xxu||||| |||| 00| 0 eng d | ||
| 035 | _a(Sirsi) u73281 | ||
| 041 | _aeng | ||
| 100 | _aThompson, J.C. | ||
| 245 | _aBarcelona: streets ahead | ||
| 260 | _c1995 | ||
| 350 | _a0 | ||
| 490 |
_aBuilding _v260(7881) 24 February 1995, 42-56(11) |
||
| 520 | _aReviews the current construction market in Barcelona. Includes a cost commentary and procurement details of Hewlett Packard`s extension of its plant in Sant Cugat del Valles. | ||
| 650 | _aBARCELONA | ||
| 650 | _aBUILT ENVIRONMENT-BUILDING COSTS | ||
| 650 | _aCONSTRUCTION MARKET | ||
| 650 | _aCOST ANALYSIS | ||
| 650 | _aINDUSTRIAL BUILDINGS | ||
| 650 | _aProcurement-old | ||
| 650 | _aSPAIN | ||
| 690 | _aBUILT ENVIRONMENT | ||
| 690 | _aBUILDING AND CONSTRUCTION-PROJECTS | ||
| 690 | _aOVERSEAS-EUROPE | ||
| 942 | _n0 | ||
| 948 | _c04/03/1997 | ||
| 999 |
_c46344 _d46344 |
||